000 00528nam a2200181Ia 4500
005 20250508151836.0
008 008 250505s9999 xx 000 0 hin d
037 _aTextual
040 _aFEDL
_beng
_cFEDL
041 _ahin
_2eng
084 _a374.954, SHA
_qFEDL
100 _aDhermendra Brahmchari Shastri
_9760133
245 0 _aSamajik shiksha aur samaj-seva
260 _aPatna, India
_bMagad- Rajdhani- Prakashan
_c1955
300 _a367p
942 _cTEXL
_h374.954, SHA
999 _c1332457
_d1332457